Marketingový manažment je na Slovensku v postavení misionára

Úplne rozvinuté funkcie marketingu ako riadiacej koncepcie, ktoré prechádzajú do marketingovo riadenej firmy a totálnej orientácie na zákazníka, sa v slovenskej podnikateľskej praxi nevyskytujú. Podcenenie vedomostí o marketingovom manažmente v slovenskom podnikateľskom prostredí.

Guardado en:
Detalles Bibliográficos
Autor principal: Zajac-Vanka, P.
Formato: Capítulo de libro
Lenguaje:eslovaco
Materias:
Etiquetas: Agregar Etiqueta
Sin Etiquetas, Sea el primero en etiquetar este registro!

MARC

LEADER 00000naa a2200000 4500
001 r018325
005 20221213100925.8
041 0 |a slo 
044 |a SK 
245 1 0 |a Marketingový manažment je na Slovensku v postavení misionára  |c P. Zajac-Vanka 
520 |a Úplne rozvinuté funkcie marketingu ako riadiacej koncepcie, ktoré prechádzajú do marketingovo riadenej firmy a totálnej orientácie na zákazníka, sa v slovenskej podnikateľskej praxi nevyskytujú. Podcenenie vedomostí o marketingovom manažmente v slovenskom podnikateľskom prostredí. 
610 2 0 |a marketing manažment 
610 2 0 |a Slovensko 
610 2 0 |a firmy 
610 2 0 |a zákazníci 
610 2 0 |a prostredie podnikateľské 
100 1 |a Zajac-Vanka, P.